| 000 | 00396nam a22001457a 4500 | ||
|---|---|---|---|
| 020 | _qPB. | ||
| 040 | _cFIZZA ISHAQ | ||
| 082 |
_a658.43 _bJOH |
||
| 100 |
_aBOVEE,L.COURTLAND THILL V. JOHN. _989462 |
||
| 245 |
_aEXCELLENCE IN BUSINESS COMMUNICATION / _cJOHN V.THILL COURTLAND L. BOVEE. |
||
| 250 | _a12th ED. | ||
| 260 |
_aNEW YORK ; _bPEARSON, _c2017. |
||
| 300 | _a671 P. ; | ||
| 942 |
_2ddc _cBK |
||
| 999 |
_c588191 _d588191 |
||